000 00264nam a2200109Ia 4500
008 221009s9999 xx 000 0 und d
082 _a610KUM
100 _aRajeev Kumar
_922463
245 2 _aA Self Guide To Acupressure
260 _bCalvin Publishing
942 _cBK
999 _c64898
_d64898